000
00294nam a2200109Ia 4500
008
200302s9999 xx 000 0 und d
100
_a
Christopher Dell
245
_a
Mythology : The Complete Guide To Our Imagined Worlds
260
_b
Thames and Hudson, London
260
_c
2012
300
_a
352 P
999
_c
4778
_d
4778